Statistics for One Piece Groups of Things

Click here to take the quiz!

General Stats

  • This quiz has been taken 3,035 times
  • The average score is 40 of 50

Answer Stats

Answer% Correct
Monkey D. Luffy
99%
Monkey D. Luffy
99%
Nami
98%
Roronoa Zoro
98%
Roronoa Zoro
98%
Brook
97%
Franky
97%
Nico Robin
97%
Sanji
97%
Tony Tony Chopper
97%
Usopp
97%
Blackbeard
94%
Blackbeard
94%
Shanks
94%
Big Mom
93%
Kaido
92%
Trafalgar D. Law
92%
Trafalgar D. Law
92%
Whitebeard
92%
Akainu
87%
Aokiji
87%
Donquixote Doflamingo
87%
Dracule Mihawk
87%
Eustass Kid
87%
Logia
87%
Boa Hancock
86%
Kizaru
86%
Crocodile
84%
Zoan
84%
Jinbe
83%
Humans
79%
Paramecia
79%
Fishmen
78%
Bartholomew Kuma
77%
Buggy
76%
Fujitora
73%
Killer
72%
Basil Hawkins
69%
Jewelry Bonney
69%
Capone Bege
67%
X Drake
67%
Scratchmen Apoo
65%
Urouge
60%
Edward Weevil
55%
Giants
55%
Gekko Moriah
53%
Minks
42%
Dwarves
28%
Ryokugyu
26%
Mer-folk
10%

Score Distribution

Percentile by Number Answered

Percent of People with Each Score

Your Score History

You have not taken this quiz